02001cam a22002174a 45000010009000000050017000090080041000260200025000670200022000920400013001140820023001271000023001502450098001732600044002713000026003155000020003415201258003616500043016196500078016626500043017401629744020170420111248.0100622s2011 cau 001 0 eng  a9780470903001 (pbk.) a0470903007 (pbk.) cPK-LaUMT00a378.101222bBUL-A1 aBuller, Jeffrey L.10aAcademic leadership day by day :bsmall steps that lead to great success /cJeffrey L. Buller aSan Francisco, CA :bJossey-Bass,c2011 axix, 309 p. ;c22 cm. aIncludes index. a"It can seem at times as though all of academic administration today is focused only on the need for continual change and the endless pursuit of "the big idea." But most academic leaders, from department chairs and program directors through university presidents and chancellors, are far too busy helping their institutions flourish for them to divert critical energy and resources to yet another untried theory or management principle. Academic Leadership Day by Day takes an entirely different approach to developing your proven academic leadership: It introduces one practical and field-tested idea each day for an entire academic year. Rather than requiring you to devote days or even weeks to administrative training (which may prove to be of little use in he end), this manual gives you non-nonsense suggestions that you can consider on even your busiest days. Experiment with the suggestions made each day, discover what works for you, and then build on your successes for the benefit of your institution and its programs. Significant improvements often result from small, gradual, and consistent efforts, and Academic Leadership Day by Day is your guide to becoming a more accomplished, confident academic leader a few minutes at a time."-- 0aEducational leadershipzUnited States. 0aEducation, HigherxEffect of technological innovations onzUnited States. 0aCollege administratorszUnited States.